| 000 | 00854nab a2200229 i 4500 | ||
|---|---|---|---|
| 001 | 768714001 | ||
| 003 | CO-MdFUSB | ||
| 005 | 20240815161528.0 | ||
| 008 | 240815t1925 cr ||||| |||| 00| 0 eng d | ||
| 040 |
_bspa _cCO-MdFUSB _dCO-MdFUSB |
||
| 041 | _aeng | ||
| 245 | 4 |
_aThe scientific belief in prayer _c/ [Dr. H. A. Johnston] |
|
| 520 | _aPárrafos del libro "La fe científica" del Dr. H. A. Johnston, la recomendación es permanecer firmes en la oración para obtener bendiciones | ||
| 546 | _aTexto en inglés. | ||
| 650 | 7 |
_aOración _986 |
|
| 650 | 7 |
_aFe _9531 |
|
| 650 | 7 |
_aHermenéutica _9418 |
|
| 650 | 0 |
_aVida espiritual _951 |
|
| 773 | 0 |
_070761 _982969 _oR2742 _tLatin America Mission _w(CO-MdFUSB)768714001 _gVolumen 4, (número 12, 1925), páginas: 3 - 5 _qpágina: 3 |
|
| 942 | _cANA | ||
| 945 | _aCatherine Arias Álvarez - Practicante SENA | ||
| 999 |
_c70882 _d70882 |
||